• Gascón Pelegrí, Vicente,

di Personal Name

Records bibliografici associati: 2

001 - CONTROL NUMBER

  • control field: 9146

003 - CONTROL NUMBER IDENTIFIER

  • control field: IT-RoINE

005 - DATE AND TIME OF LATEST TRANSACTION

  • control field: 20140616145131.0

008 - FIXED-LENGTH DATA ELEMENTS

  • fixed length control field: 140616|| aca||aabn | a|a d

040 ## - CATALOGING SOURCE

  • Original cataloging agency: IT-RoINE
  • Transcribing agency: IT-RoINE

100 ## - HEADING--PERSONAL NAME

  • Personal name: Gascón Pelegrí, Vicente,
  • Dates associated with a name: 1914-2004

670 ## - SOURCE DATA FOUND

  • Source citation: Work cat.: (IT-RoINE)0: Gascón Pelegrí, Vicente, 1914-2004, Historia de Tabernes de Valldigna /, 1981.